Científicos por imagen - Estadísticas

Estadísticas generales
  • Esta prueba ha sido intentada 42 veces
  • La puntuación promedio es 10 de 24
Estadísticas de respuestas
Imagen Respuesta % Correcto
Albert Einstein
100%
Marie Curie
97%
Isaac Newton
94%
Stephen Hawking
86%
René Descartes
74%
Galileo Galilei
66%
Charles Darwin
63%
Nicolás Copérnico
51%
Robert Oppenheimer
49%
Carl Friedrich Gauss
40%
Erwin Schrödinger
37%
Niels Bohr
37%
Alan Turing
29%
Louis Pasteur
29%
Johannes Kepler
23%
Leonhard Euler
23%
Euclides de Alejandría
20%
Michael Faraday
20%
Werner Heisenberg
20%
James Clerk Maxwell
17%
Max Planck
17%
Leonardo de Pisa (Fibonacci)
11%
Kurt Gödel
3%
Pierre-Simon Laplace
3%
No se encontraron pruebas coincidentes
Distribución de puntuación
Porcentaje de gente con cada puntuación
Porcentaje por número respondido
Historial de tus puntuaciones
No has intentado esta prueba.